=LDR 00000nam 2200000 4500 =001 INLIS000000000016500 =005 20130612111804 =008 ***********************************Ind** =035 ##$$0010-061300000016500 =041 ##$$a Ind =082 ##$$a 028.5 =090 ##$$a 028.5, Mua m =100 ##$$a Muakir, Ali =245 ##$$a Menyamar menjadi nabi, Ali Muakhir =260 ##$$a 2002 $b Bandung =300 ##$$a 15 hlm, ilus, 17 cm =650 ##$$a Bacaan anak-anak =850 ##$$a NBPNMAT